Estadisticas sobre servidores públicos /

Spremljeno u:
Bibliografski detalji
Glavni autor: Figueroa de Jain, Rethelny
Format: Tekst
Teme:
Oznake: Dodaj oznaku
Bez oznaka, Budi prvi tko označuje ovaj zapis!

MARC

LEADER 00000 a a2200000 04500
001 14147
003
040
100 |a Figueroa de Jain, Rethelny  
245 |a Estadisticas sobre servidores públicos /  |c Rethelny Figueroa de Jain 
650 |a ESTADISTICAS SOCIALES  
650 |a SERVICIOS PUBLICOS  
650 |a ADMINISTRACION PUBLICA  
650 |a SALARIOS  
650 |a GUATEMALA  
650 |a NICARAGUA  
650 |a PANAMA  
650 |a PUESTOS  
650 |a ENTIDADES DESCENTRALIZADAS  
650 |a PERSONAL PUBLICO  
650 |a SALARIOS  
650 |a NIVEL ACADEMICO  
650 |a RECURSOS HUMANOS  
773 |g número 42 -43; páginas 131-202  
999 |c 28376  |d 28376